000 00307nam a22001337a 4500
008 170712b xxu||||| |||| 00| 0 eng d
020 _a9780816039494
041 _aeng
080 _a030
100 _a23
101 _aENC
245 _aENCYCLOPEDIA OF NATIVE AMERICAN RELIGIONS
_cARLENE
942 _2udc
_cBK
999 _c20261
_d20261